[Event "Lliga Catalana DH"]
[Site "?"]
[Date "2018.02.17"]
[Round "5.3"]
[White "Djuric, Stefan"]
[Black "Fluvia Poyatos, Jordi"]
[Result "0-1"]
[WhiteElo "2470"]
[BlackElo "2460"]
[PlyCount "96"]
[EventDate "2018.??.??"]
[WhiteTeam "PEC"]
[BlackTeam "SJO"]

1. Nf3 g6 2. e4 d6 3. d4 Nf6 4. Nc3 Bg7 5. Be2 O-O 6. O-O Nc6 7. d5 Ne5 8. Nxe5
dxe5 9. Be3 e6 10. dxe6 Bxe6 11. Qxd8 Rfxd8 12. f3 a6 13. Rfd1 Bf8 14. g4 h6
15. a4 a5 16. Kg2 Kg7 17. h3 c6 18. Rd3 Bb4 19. Rad1 Rxd3 20. cxd3 Bb3 21. Ra1
Rd8 22. Na2 Be7 23. Nc1 Be6 24. f4 exf4 25. Bxf4 Ne8 26. Be5+ Bf6 27. Bc3 b6
28. Ra3 Kf8 29. Nb3 Be7 30. Nd4 Bxa3 31. Nxe6+ fxe6 32. bxa3 Ke7 33. h4 g5 34.
h5 Nf6 35. Kf3 Nd7 36. d4 c5 37. dxc5 Nxc5 38. Bg7 Rg8 39. Be5 Nd7 40. Bb2 e5
41. Bb5 Re8 42. Ke3 Kd6 43. Bc3 Re7 44. Be1 Nc5 45. Bg3 Rf7 46. Bh2 Ne6 47. Bc4
Rc7 48. Bxe6 Kxe6 0-1

[Event "Lliga Catalana DH"]
[Site "Barbera del Valles"]
[Date "2018.02.17"]
[Round "5.1"]
[White "Vila Gazquez, Xavi "]
[Black "Movsziszian, Karen "]
[Result "1/2-1/2"]
[WhiteElo "2530"]
[BlackElo "2562"]
[PlyCount "104"]
[EventDate "2018.??.??"]
[WhiteTeam "BAB"]
[BlackTeam "SAN"]

1. e4 d6 2. d4 Nf6 3. Nc3 g6 4. Bg5 c6 5. Qd2 b5 6. e5 dxe5 7. dxe5 Qxd2+ 8.
Bxd2 Nfd7 9. f4 Nc5 10. b4 Ne6 11. a4 Na6 12. Ne4 Nac7 13. Nf3 Bg7 14. c4 Bb7
15. c5 O-O 16. Be2 a6 17. O-O Rad8 18. g3 Nd4 19. Nxd4 Rxd4 20. Bf3 Nd5 21.
axb5 axb5 22. Ra7 Bc8 23. Rf2 Bf5 24. Re2 Rd8 25. Be1 Bf8 26. Ra6 Rc8 27. Nf2
Nxb4 28. Bxb4 Rxb4 29. Rxc6 Rxc6 30. Bxc6 e6 31. Ne4 Bxe4 32. Bxe4 Bxc5+ 33.
Kg2 Rb3 34. Rc2 Bd4 35. Rc8+ Kg7 36. Rb8 b4 37. Bc6 Rb2+ 38. Kf3 Bc5 39. Rb7 b3
40. Be8 Rf2+ 41. Ke4 b2 42. Rxf7+ Kh8 43. Rb7 Rd2 44. Kf3 Bd4 45. Bc6 Rxh2 46.
Kg4 Re2 47. Kg5 Re1 48. Be4 Rxe4 49. Kf6 Bxe5+ 50. fxe5 h5 51. Kxg6 Rg4+ 52.
Kh6 Kg8 1/2-1/2

[Event "Lliga Catalana DH"]
[Site "Barbera del Valles"]
[Date "2018.02.17"]
[Round "5.2"]
[White "Munoz Pantoja, Miguel "]
[Black "Rizouk, Aimen "]
[Result "1/2-1/2"]
[WhiteElo "2527"]
[BlackElo "2494"]
[PlyCount "31"]
[EventDate "2018.??.??"]
[WhiteTeam "SAN"]
[BlackTeam "BAB"]

1. e4 e5 2. Nf3 Nc6 3. Bb5 Nf6 4. Nc3 Bb4 5. O-O O-O 6. Bxc6 bxc6 7. Nxe5 Qe8
8. Nd3 Bxc3 9. dxc3 Qxe4 10. Re1 Qh4 11. Qf3 Bb7 12. Nc5 Bc8 13. Nd3 Bb7 14.
Nc5 Bc8 15. Nd3 Bb7 16. Nc5 1/2-1/2

[Event "Lliga Catalana DH"]
[Site "Barbera del Valles"]
[Date "2018.02.17"]
[Round "5.3"]
[White "Alonso Moyano, Jonathan "]
[Black "Dominguez Pons, Eric"]
[Result "1-0"]
[WhiteElo "2458"]
[BlackElo "2447"]
[PlyCount "75"]
[EventDate "2018.??.??"]
[WhiteTeam "BAB"]
[BlackTeam "SAN"]

1. e4 c6 2. d4 d5 3. e5 c5 4. dxc5 Nc6 5. Nf3 Bg4 6. c3 e6 7. Be3 Bxf3 8. Qxf3
Nxe5 9. Bb5+ Nd7 10. c4 Ngf6 11. Nc3 a6 12. Bxd7+ Qxd7 13. O-O-O O-O-O 14. g4
h6 15. h4 Qc6 16. cxd5 Nxd5 17. Nxd5 Rxd5 18. Rxd5 Qxd5 19. Qxd5 exd5 20. Bd4
Kd7 21. b4 f6 22. h5 Be7 23. Kc2 a5 24. a3 axb4 25. axb4 b6 26. cxb6 Rc8+ 27.
Kd3 Rc4 28. Ra1 Bd6 29. Ra7+ Ke6 30. Rxg7 Rxb4 31. b7 Be5 32. Bc5 Rb3+ 33. Ke2
d4 34. Re7+ Kd5 35. Ba7 Bd6 36. Rd7 Rb2+ 37. Kd1 Kc6 38. Rxd6+ 1-0

[Event "Lliga Catalana DH"]
[Site "Barbera del Valles"]
[Date "2018.02.17"]
[Round "5.4"]
[White "Akbarinia, Sayed Arash "]
[Black "Perez Mañas, Benjamin"]
[Result "1-0"]
[WhiteElo "2387"]
[BlackElo "2410"]
[PlyCount "39"]
[EventDate "2018.??.??"]
[WhiteTeam "SAN"]
[BlackTeam "BAB"]

1. c4 f5 2. g3 Nf6 3. Bg2 g6 4. Nc3 Bg7 5. Rb1 e5 6. b4 O-O 7. Bb2 d6 8. d3 Nc6
9. a3 g5 10. Nf3 g4 11. Nd2 Nd4 12. Nb3 Ne6 13. d4 Qe8 14. dxe5 dxe5 15. Nd5
Nh5 16. Nc5 Nxc5 17. Nxc7 Qe7 18. Qd5+ Rf7 19. Nxa8 Na6 20. Rd1 1-0

[Event "Lliga Catalana DH"]
[Site "Barbera del Valles"]
[Date "2018.02.17"]
[Round "5.5"]
[White "Obon Temprano, Sergi"]
[Black "Colon Garcia, Enrique "]
[Result "1/2-1/2"]
[WhiteElo "2384"]
[BlackElo "2406"]
[PlyCount "97"]
[EventDate "2018.??.??"]
[WhiteTeam "BAB"]
[BlackTeam "SAN"]

1. d4 Nf6 2. Nf3 e6 3. e3 b6 4. Bd3 Bb7 5. Nbd2 d5 6. O-O Bd6 7. b3 Nbd7 8. Bb2
O-O 9. c4 Ne4 10. Qc2 f5 11. Ne5 Nxd2 12. Qxd2 Nxe5 13. dxe5 Bc5 14. Bd4 Bxd4
15. exd4 Qh4 16. f4 Qe7 17. Rac1 dxc4 18. Bxc4 Rad8 19. Rfd1 Kh8 20. Qf2 g5 21.
Be2 g4 22. Rc2 Rf7 23. Bc4 Be4 24. Bd3 Ba8 25. Bc4 Be4 26. Bd3 Bxd3 27. Rxd3
Rd5 28. g3 c5 29. Rc4 Qd8 30. b4 Rfd7 31. bxc5 bxc5 32. Kf1 Rxd4 33. Rdxd4 cxd4
34. Qd2 Qa8 35. Kg1 d3 36. Rc3 Qe4 37. Rc1 h5 38. Rd1 Kh7 39. Qg2 Kg6 40. Qd2
a5 41. Re1 Qd4+ 42. Qf2 d2 43. Rd1 Qb2 44. Qc5 Qxa2 45. Qf8 Qd5 46. Qg8+ Rg7
47. Qe8+ Kh6 48. Qh8+ Kg6 49. Qe8+ 1/2-1/2

[Event "Lliga Catalana DH"]
[Site "Barbera del Valles"]
[Date "2018.02.17"]
[Round "5.6"]
[White "Castelltort Fernandez, Antoni "]
[Black "Rivas Garcia, Victor "]
[Result "1/2-1/2"]
[WhiteElo "2345"]
[BlackElo "2343"]
[PlyCount "52"]
[EventDate "2018.??.??"]
[WhiteTeam "SAN"]
[BlackTeam "BAB"]

1. d4 f5 2. Bf4 Nf6 3. e3 d6 4. Bc4 e6 5. Nf3 g6 6. h3 Bg7 7. g4 Nc6 8. gxf5
exf5 9. Nc3 Ne4 10. h4 Na5 11. Bd3 Nxc3 12. bxc3 Be6 13. h5 Qe7 14. Rg1 Qf6 15.
Qb1 b6 16. h6 Bf8 17. c4 Be7 18. Bg5 Qf7 19. Bxe7 Qxe7 20. d5 Bd7 21. Qb2 O-O
22. Qd4 Qf6 23. Qxf6 Rxf6 24. Kd2 Re8 25. Ng5 Nb7 26. f4 Nc5 1/2-1/2

[Event "Lliga Catalana DH"]
[Site "Barbera del Valles"]
[Date "2018.02.17"]
[Round "5.7"]
[White "Martinez Ramirez, Erik "]
[Black "Castellano Egea, Einar "]
[Result "1-0"]
[WhiteElo "2335"]
[BlackElo "2298"]
[PlyCount "65"]
[EventDate "2018.??.??"]
[WhiteTeam "BAB"]
[BlackTeam "SAN"]

1. e4 e6 2. Nf3 d5 3. Nc3 Nf6 4. e5 Ne4 5. Ne2 Bc5 6. d4 Be7 7. Ng3 c5 8. c3
Nxg3 9. hxg3 cxd4 10. Nxd4 Nc6 11. Nxc6 bxc6 12. Qg4 g6 13. Bh6 Rb8 14. b4 Rg8
15. Bd3 Qc7 16. Bf4 Rh8 17. O-O h5 18. Qf3 Kf8 19. Be3 Kg7 20. Bd4 a5 21. a3
Rf8 22. Qe3 Bd7 23. f4 f5 24. exf6+ Bxf6 25. Rae1 Qd8 26. bxa5 Bxd4 27. Qxd4+
Rf6 28. Rb1 Rxb1 29. Rxb1 Qxa5 30. Rb7 Qd8 31. a4 Qc8 32. Qa7 Rf7 33. Rb8 1-0

[Event "Lliga Catalana DH"]
[Site "Barbera del Valles"]
[Date "2018.02.17"]
[Round "5.8"]
[White "Bautista Sanchez, Joan "]
[Black "Carrasco Rodriguez, Jesus "]
[Result "1/2-1/2"]
[WhiteElo "2284"]
[BlackElo "2285"]
[PlyCount "95"]
[EventDate "2018.??.??"]
[WhiteTeam "BAB"]
[BlackTeam "SAN"]

1. Nf3 Nf6 2. g3 g6 3. Bg2 Bg7 4. O-O O-O 5. d4 c5 6. c3 Qc7 7. Re1 d6 8. e4
Nc6 9. dxc5 dxc5 10. Bf4 e5 11. Bg5 Ne8 12. Be3 b6 13. Na3 Nd6 14. Nd2 Bb7 15.
Ndc4 Rad8 16. Nxd6 Rxd6 17. Nb5 Rxd1 18. Nxc7 Rd7 19. Nd5 f5 20. Rad1 Kh8 21.
f3 Rdf7 22. f4 fxe4 23. Bxe4 Re8 24. Bg2 Ref8 25. fxe5 Nxe5 26. Bf4 Nc4 27. b3
Na3 28. Rf1 Nb5 29. c4 Nd4 30. Rde1 h6 31. Bd6 Rxf1+ 32. Rxf1 Rxf1+ 33. Kxf1
Nc2 34. Bb8 b5 35. Bxa7 bxc4 36. bxc4 Ba6 37. Bxc5 Bxc4+ 38. Kg1 Bxa2 39. Be4
g5 40. Bxc2 Bxd5 41. Bf5 Kg8 42. h4 gxh4 43. gxh4 Bf6 44. Be3 Kg7 45. h5 Bf7
46. Bg6 Bxg6 47. hxg6 Kxg6 48. Bxh6 1/2-1/2

[Event "Lliga Catalana DH"]
[Site "Barbera del Valles"]
[Date "2018.02.17"]
[Round "5.9"]
[White "Ramirez Carrizo, Victor Jose"]
[Black "Subirats Ruiz, Sergi "]
[Result "1-0"]
[WhiteElo "2263"]
[BlackElo "2284"]
[PlyCount "67"]
[EventDate "2018.??.??"]
[WhiteTeam "BAB"]
[BlackTeam "SAN"]

1. e4 e6 2. d4 d5 3. Nc3 Bb4 4. e5 c5 5. a3 Bxc3+ 6. bxc3 Ne7 7. Qg4 cxd4 8.
Bd3 Qa5 9. Ne2 dxc3 10. Qxg7 Rg8 11. Qxh7 Nd7 12. Bf4 Nc5 13. O-O Bd7 14. Bg3
Nxd3 15. cxd3 Rc8 16. Nf4 c2 17. Nh5 Rf8 18. Qg7 Ng6 19. Nf6+ Ke7 20. h4 Qc3
21. h5 Qxd3 22. hxg6 Qxg6 23. Qxg6 fxg6 24. Bh4 Bb5 25. Nh7+ Kf7 26. Rfe1 Rfe8
27. Ng5+ Kg8 28. Nf3 Rc4 29. Rac1 Rec8 30. Bf6 Ra4 31. Re3 d4 32. Re4 Rcc4 33.
Rh4 g5 34. Nxg5 1-0

[Event "Lliga Catalana DH"]
[Site "Barbera del Valles"]
[Date "2018.02.17"]
[Round "5.10"]
[White "Pueyo Burrell, David "]
[Black "Martin Capitan, Feliciano "]
[Result "0-1"]
[WhiteElo "2219"]
[BlackElo "2227"]
[PlyCount "101"]
[EventDate "2018.??.??"]
[WhiteTeam "SAN"]
[BlackTeam "BAB"]

1. Nf3 Nf6 2. g3 d5 3. Bg2 e6 4. O-O Be7 5. d3 O-O 6. Nbd2 c5 7. e4 Nc6 8. Re1
b5 9. e5 Nd7 10. Nf1 a5 11. h4 f5 12. exf6 Nxf6 13. Bh3 e5 14. Bxc8 Qxc8 15.
Nxe5 Nxe5 16. Rxe5 Bd6 17. Re1 Ng4 18. f4 Qd7 19. Qf3 Bc7 20. Bd2 Rae8 21. Rxe8
Rxe8 22. Re1 Rxe1 23. Bxe1 Qe6 24. Bd2 c4 25. Kg2 h5 26. Ne3 d4 27. Nd5 Bd8 28.
Qe4 Qxe4+ 29. dxe4 b4 30. c3 Nf6 31. Nxf6+ Bxf6 32. cxb4 c3 33. bxc3 dxc3 34.
Bc1 axb4 35. Be3 c2 36. e5 Be7 37. Kf3 Bc5 38. Bc1 Kf7 39. g4 g6 40. Bb2 Bd4
41. Bc1 Bc3 42. gxh5 gxh5 43. Ke2 Ke6 44. Kd3 Be1 45. Kc4 Bxh4 46. Kxb4 Be1+
47. Kb3 h4 48. f5+ Kxf5 49. e6 Kxe6 50. Bf4 Bg3 51. Be3 0-1

[Event "Lliga Catalana DH"]
[Site "?"]
[Date "2017.02.17"]
[Round "5.1"]
[White "Pichot, Alan"]
[Black "Asis Gargatagli, Hipolito"]
[Result "1-0"]
[WhiteElo "2552"]
[BlackElo "2561"]
[PlyCount "69"]
[EventDate "2017.??.??"]
[WhiteTeam "MLL"]
[BlackTeam "SCU"]

1. e4 c5 2. Nf3 d6 3. d4 cxd4 4. Nxd4 Nf6 5. Nc3 a6 6. Bg5 Nbd7 7. Qe2 h6 8.
Bh4 g6 9. f4 e5 10. fxe5 dxe5 11. O-O-O Qc7 12. Nb3 b5 13. Nd5 Nxd5 14. exd5
Bd6 15. Qd2 f5 16. g4 f4 17. Bd3 Kf7 18. Qe2 g5 19. Qe4 gxh4 20. Qg6+ Kf8 21.
g5 h5 22. Bf5 Nc5 23. Nxc5 Qxc5 24. Qf6+ Kg8 25. g6 Qc7 26. g7 Rh6 27. Qxh6
Bxf5 28. Rd2 Rc8 29. Rg1 Bg4 30. Rxg4 hxg4 31. Qe6+ Kxg7 32. Qxg4+ Kh8 33. Rg2
Rf8 34. Qg6 Bc5 35. Qh5+ 1-0

[Event "Lliga Catalana DH"]
[Site "?"]
[Date "2017.02.17"]
[Round "5.2"]
[White "Alonso Bouza, Julio Javier"]
[Black "Demuth, Adrien"]
[Result "1/2-1/2"]
[WhiteElo "2528"]
[BlackElo "2373"]
[PlyCount "87"]
[EventDate "2017.??.??"]
[WhiteTeam "SCU"]
[BlackTeam "MLL"]

1. e4 c5 2. Nf3 d6 3. d4 cxd4 4. Nxd4 Nf6 5. Nc3 Nc6 6. Bg5 e6 7. Qd2 a6 8.
O-O-O Nxd4 9. Qxd4 Be7 10. f4 b5 11. Bxf6 gxf6 12. f5 Qc7 13. Be2 Qc5 14. fxe6
fxe6 15. Qxc5 dxc5 16. Bh5+ Kf8 17. Rhf1 Ra7 18. e5 f5 19. g4 Kg7 20. gxf5 exf5
21. Rg1+ Kh6 22. Bf3 Rd8 23. Nd5 Bh4 24. Nb6 Be6 25. a4 Rg7 26. Rxg7 Kxg7 27.
Rxd8 Bxd8 28. a5 Bc7 29. Bb7 Bxe5 30. Bxa6 Bxh2 31. Bc8 Kf6 32. a6 Bb8 33. Nd7+
Bxd7 34. Bxd7 b4 35. c3 bxc3 36. bxc3 h5 37. Kd2 h4 38. Ke3 Ke5 39. c4 f4+ 40.
Kf3 Kd4 41. Be6 h3 42. Bxh3 Kxc4 43. a7 Bxa7 44. Kxf4 1/2-1/2

[Event "Lliga Catalana DH"]
[Site "?"]
[Date "2017.02.17"]
[Round "5.3"]
[White "Krysa, Leandro"]
[Black "Lillo Castany, Victor"]
[Result "1-0"]
[WhiteElo "2505"]
[BlackElo "2401"]
[PlyCount "61"]
[EventDate "2017.??.??"]
[WhiteTeam "MLL"]
[BlackTeam "SCU"]

1. Nf3 Nf6 2. c4 e6 3. Nc3 d5 4. d4 Bb4 5. cxd5 exd5 6. Bg5 h6 7. Bh4 Nbd7 8.
Nd2 Be7 9. e3 O-O 10. Bd3 c5 11. O-O c4 12. Bc2 b5 13. e4 b4 14. Bxf6 Nxf6 15.
Nxd5 Nxd5 16. exd5 Ba6 17. Re1 Rc8 18. Qf3 Bf6 19. Rad1 c3 20. Ne4 Be7 21. bxc3
bxc3 22. Nc5 Bxc5 23. dxc5 Rxc5 24. d6 Bb5 25. Re7 Bc6 26. Qe3 Rg5 27. f3 Qb6
28. Qxb6 axb6 29. d7 Rd8 30. Re8+ Rxe8 31. d8=Q 1-0

[Event "Lliga Catalana DH"]
[Site "?"]
[Date "2017.02.17"]
[Round "5.4"]
[White "Lerch Gallemi, Jose Maria"]
[Black "Arenas Vanegas, David"]
[Result "0-1"]
[WhiteElo "2322"]
[BlackElo "2495"]
[PlyCount "64"]
[EventDate "2017.??.??"]
[WhiteTeam "SCU"]
[BlackTeam "MLL"]

1. e4 e5 2. Nf3 Nc6 3. Bc4 Bc5 4. O-O Nf6 5. d3 d6 6. c3 a6 7. b4 Ba7 8. a4 Ne7
9. Be3 Bxe3 10. fxe3 Ng6 11. Qe1 O-O 12. Nh4 a5 13. Nxg6 hxg6 14. Qg3 Qe7 15.
b5 c6 16. bxc6 bxc6 17. Nd2 d5 18. exd5 cxd5 19. Bb5 Bd7 20. c4 Rfd8 21. Qg5 e4
22. dxe4 dxe4 23. Nb3 Bxb5 24. cxb5 Rd5 25. Qg3 Rd3 26. Nc1 Ra3 27. Rxa3 Qxa3
28. b6 Rf8 29. b7 Qb4 30. Qc7 Nd5 31. Qc6 Nxe3 32. Rf2 Qe1+ 0-1

[Event "Lliga Catalana DH"]
[Site "?"]
[Date "2017.02.17"]
[Round "5.5"]
[White "Garriga Cazorla, Pere"]
[Black "Mateos Rozas, Miquel A"]
[Result "1-0"]
[WhiteElo "2469"]
[BlackElo "2295"]
[PlyCount "63"]
[EventDate "2017.??.??"]
[WhiteTeam "MLL"]
[BlackTeam "SCU"]

1. d4 Nf6 2. c4 e6 3. Nc3 d5 4. cxd5 exd5 5. Bg5 Be7 6. e3 O-O 7. Bd3 Nbd7 8.
Qc2 Re8 9. Nf3 c6 10. h3 Ne4 11. Bf4 f5 12. g4 Ndf6 13. Ne5 Bb4 14. f3 Bxc3+
15. bxc3 Nd6 16. Rg1 Rf8 17. gxf5 Kh8 18. O-O-O Qe7 19. Kb2 a6 20. e4 Nb5 21.
Ka1 Na3 22. Qb2 Nb5 23. Rg5 c5 24. Rdg1 Ne8 25. Rh5 Kg8 26. Bh6 c4 27. Bb1 Nbd6
28. Rhg5 Nf7 29. Rxg7+ Nxg7 30. Rxg7+ Kh8 31. Qg2 Bxf5 32. Rxh7+ 1-0

[Event "Lliga Catalana DH"]
[Site "?"]
[Date "2017.02.17"]
[Round "5.6"]
[White "Romero Calderon, Joan"]
[Black "Fernandez Diaz, Cristian"]
[Result "0-1"]
[WhiteElo "2301"]
[BlackElo "2349"]
[PlyCount "100"]
[EventDate "2017.??.??"]
[WhiteTeam "SCU"]
[BlackTeam "MLL"]

1. d4 Nf6 2. Nf3 c5 3. d5 e6 4. c4 exd5 5. cxd5 d6 6. Nc3 g6 7. Bg5 Bg7 8. g3
O-O 9. Bg2 h6 10. Bf4 b5 11. Nxb5 Ne4 12. O-O Ba6 13. a4 Bxb5 14. axb5 Bxb2 15.
Rb1 Bg7 16. Qc2 Re8 17. Rb3 Nd7 18. Nd2 Nxd2 19. Qxd2 g5 20. Be3 Ne5 21. Qc2
Qd7 22. Rfb1 Rab8 23. Be4 Rb6 24. Bf5 Qe7 25. f4 gxf4 26. gxf4 Nd7 27. Bf2 Nf8
28. e4 Ng6 29. Qd2 Qf6 30. Rg3 Nh4 31. Kh1 Nxf5 32. exf5 Kh7 33. Rbg1 Bh8 34.
Qd3 Rbb8 35. Rg4 Rg8 36. Qh3 Rxg4 37. Qxg4 Re8 38. Bh4 Qd4 39. Qg2 Bf6 40. Bf2
Qxf4 41. Bg3 Qe4 42. Bxd6 c4 43. Qxe4 Rxe4 44. Bc7 Rd4 45. d6 c3 46. Rc1 Rd3
47. Kg2 Bg5 48. d7 Bxc1 49. d8=Q Rxd8 50. Bxd8 Bg5 0-1

[Event "Lliga Catalana DH"]
[Site "?"]
[Date "2017.02.17"]
[Round "5.7"]
[White "Mayans Calvo, Mariano"]
[Black "Brusi Noguera, Ricard Ll"]
[Result "1-0"]
[WhiteElo "2315"]
[BlackElo "2310"]
[PlyCount "89"]
[EventDate "2017.??.??"]
[WhiteTeam "MLL"]
[BlackTeam "SCU"]

1. Nf3 Nf6 2. Nc3 d5 3. d4 c6 4. Bg5 Ne4 5. Bf4 Bf5 6. Nxe4 Bxe4 7. Ne5 f6 8.
Nd3 Nd7 9. f3 Bg6 10. h4 e6 11. h5 Bxd3 12. Qxd3 e5 13. Be3 Qa5+ 14. c3 exd4
15. Bxd4 Bd6 16. a3 Bg3+ 17. Kd2 Be5 18. Rh4 Bxd4 19. Rxd4 Ne5 20. Qf5 Qb6 21.
Qe6+ Kf8 22. Rb4 Nc4+ 23. Kc2 Qe3 24. Qxe3 Nxe3+ 25. Kd3 Nxf1 26. Rxf1 b6 27.
h6 g6 28. a4 c5 29. Rb5 Ke7 30. a5 Rab8 31. Ra1 Rb7 32. axb6 axb6 33. Ra6 Rhb8
34. b4 cxb4 35. cxb4 Kd6 36. Kd4 f5 37. Rxd5+ Ke6 38. e4 fxe4 39. fxe4 Kf6 40.
g4 Ke6 41. e5 Ke7 42. Rd6 Rd8 43. Kd5 Rxd6+ 44. exd6+ Kd7 45. Ra8 1-0

[Event "Lliga Catalana DH"]
[Site "?"]
[Date "2017.02.17"]
[Round "5.8"]
[White "Sierra Montoya, Miquel"]
[Black "Montilla Carrillo, Esteban"]
[Result "1-0"]
[WhiteElo "2276"]
[BlackElo "2315"]
[PlyCount "75"]
[EventDate "2017.??.??"]
[WhiteTeam "SCU"]
[BlackTeam "MLL"]

1. e4 c5 2. Nf3 d6 3. d4 cxd4 4. Nxd4 Nf6 5. Nc3 g6 6. Be3 Bg7 7. f3 Nc6 8. Qd2
O-O 9. O-O-O d5 10. Qe1 e5 11. Nxc6 bxc6 12. exd5 Nxd5 13. Bc4 Be6 14. Ne4 Qc7
15. Bc5 Rfd8 16. Ng5 Bh6 17. Qh4 Kg7 18. Bb3 f6 19. Qxh6+ Kxh6 20. Nxe6 Qa5 21.
h4 Re8 22. Bxd5 cxd5 23. Be3+ g5 24. hxg5+ Kg6 25. Rh6+ Kf7 26. Nc7 d4 27.
Rxh7+ Kg6 28. Rh6+ Kg7 29. Nxe8+ Rxe8 30. gxf6+ Kf7 31. Bg5 Qxa2 32. Rd3 Qa1+
33. Kd2 Qa5+ 34. Kd1 Rg8 35. Ra3 Qc5 36. Rxa7+ Kf8 37. Rhh7 Qxa7 38. Bh6+ 1-0

[Event "Lliga Catalana DH"]
[Site "?"]
[Date "2017.02.17"]
[Round "5.9"]
[White "Amores Gago, Javier"]
[Black "Sorroche Matin, Josep M"]
[Result "1/2-1/2"]
[WhiteElo "2310"]
[BlackElo "2243"]
[PlyCount "37"]
[EventDate "2017.??.??"]
[WhiteTeam "MLL"]
[BlackTeam "SCU"]

1. e4 c6 2. d4 d5 3. f3 e6 4. Nc3 Bb4 5. a3 Bxc3+ 6. bxc3 dxe4 7. Qe2 c5 8.
Qxe4 Nf6 9. Bb5+ Nbd7 10. Qd3 a6 11. Bxd7+ Bxd7 12. a4 Qa5 13. Bd2 Rc8 14. Ne2
c4 15. Qe3 Qf5 16. Ra2 Nd5 17. Qf2 e5 18. O-O O-O 19. Ng3 1/2-1/2

[Event "Lliga Catalana DH"]
[Site "?"]
[Date "2017.02.17"]
[Round "5.10"]
[White "Barcelo Tizon, Cristian"]
[Black "Morros Faura, Ricard"]
[Result "0-1"]
[WhiteElo "2164"]
[BlackElo "2337"]
[PlyCount "52"]
[EventDate "2017.??.??"]
[WhiteTeam "SCU"]
[BlackTeam "MLL"]

1. c4 Nf6 2. g3 g6 3. Bg2 Bg7 4. Nc3 d6 5. e4 O-O 6. Nge2 Nc6 7. O-O e5 8. d3
Be6 9. h3 Qd7 10. Kh2 Ne8 11. Be3 f5 12. Qd2 f4 13. gxf4 exf4 14. Nxf4 Be5 15.
Kg1 Bxf4 16. Bxf4 Bxh3 17. Bg3 Nd4 18. f3 Ng7 19. Qg5 c6 20. Rf2 Nh5 21. Bh2
Bxg2 22. Kxg2 Nxf3 23. Rxf3 Rxf3 24. Kxf3 Qh3+ 25. Bg3 Rf8+ 26. Ke2 Nxg3+ 0-1

[Event "Lliga Catalana DH"]
[Site "?"]
[Date "2018.02.17"]
[Round "5.1"]
[White "Alvarez Pedraza, Aramis"]
[Black "Exposito Amaro, Josue"]
[Result "1/2-1/2"]
[WhiteElo "2521"]
[BlackElo "2415"]
[PlyCount "28"]
[EventDate "2018.??.??"]
[WhiteTeam "LLE"]
[BlackTeam "PIP"]

1. d4 e6 2. Nf3 f5 3. Bf4 Nf6 4. e3 b6 5. Be2 Bb7 6. h3 Bd6 7. Ne5 O-O 8. O-O
Qe7 9. Nd2 Nc6 10. Ndc4 Bxe5 11. dxe5 Nd5 12. Bh2 b5 13. Nd2 f4 14. exf4 Nxf4
1/2-1/2

[Event "Lliga Catalana DH"]
[Site "?"]
[Date "2018.02.17"]
[Round "5.2"]
[White "Cervello Tost, Ferran"]
[Black "Barbero Sendic, Alejandro"]
[Result "1/2-1/2"]
[WhiteElo "2355"]
[BlackElo "2430"]
[PlyCount "47"]
[EventDate "2018.??.??"]
[WhiteTeam "PIP"]
[BlackTeam "LLE"]

1. d4 d5 2. Nf3 Nf6 3. g3 e6 4. Bg2 b5 5. a4 b4 6. c4 bxc3 7. bxc3 Bd6 8. O-O
O-O 9. Bg5 h6 10. Bxf6 Qxf6 11. e4 Qd8 12. Nbd2 Nd7 13. Re1 Rb8 14. exd5 exd5
15. Nf1 c6 16. Ne3 Nf6 17. Nh4 Re8 18. Nhf5 Bf8 19. Qc2 Bxf5 20. Nxf5 Rxe1+ 21.
Rxe1 Qb6 22. Ne3 Qb3 23. Qxb3 Rxb3 24. c4 1/2-1/2

[Event "Lliga Catalana DH"]
[Site "?"]
[Date "2018.02.17"]
[Round "5.3"]
[White "Trepat Herranz, Joan"]
[Black "Povill Claros, Xavier"]
[Result "1/2-1/2"]
[WhiteElo "2431"]
[BlackElo "2345"]
[PlyCount "126"]
[EventDate "2018.??.??"]
[WhiteTeam "LLE"]
[BlackTeam "PIP"]

1. e4 c6 2. d4 d5 3. e5 Bf5 4. Nf3 e6 5. Be2 Nd7 6. O-O h6 7. Be3 Ne7 8. Nbd2
g5 9. Nb3 Qc7 10. a4 Bg6 11. a5 a6 12. Ne1 Nf5 13. Bh5 Be7 14. Bd2 c5 15. Bxg6
fxg6 16. dxc5 Nxc5 17. Nxc5 Bxc5 18. Nd3 O-O 19. Ra4 Rf7 20. Qg4 Kh7 21. c3
Raf8 22. Raa1 Qc6 23. Qa4 Rc8 24. Qxc6 Rxc6 25. Rfb1 Ba7 26. Ra4 Rfc7 27. Kf1
d4 28. Ke2 dxc3 29. bxc3 Ne7 30. Rab4 Nd5 31. Rxb7 Nxc3+ 32. Bxc3 Rxc3 33.
Rxc7+ Rxc7 34. Kd2 Bd4 35. Rc1 Rxc1 36. Kxc1 Bc3 37. Nc5 Bxa5 38. Nxa6 Bc3 39.
Nc7 Bxe5 40. Nxe6 Bxh2 41. Kd1 Be5 42. Ke2 Kg8 43. Nc5 Kf7 44. Nd3 Ke6 45. g3
Kf5 46. Kf3 g4+ 47. Kg2 Bd6 48. f3 h5 49. Nf2 gxf3+ 50. Kxf3 Ke6 51. Ne4 Be5
52. Nf2 g5 53. g4 h4 54. Nh3 Bf6 55. Ke4 Kd6 56. Nf2 Kc5 57. Nh3 Bd8 58. Kf3
Kd4 59. Nf2 Be7 60. Nh3 Kd3 61. Nxg5 Bxg5 62. Kg2 Ke2 63. Kh1 Kf3 1/2-1/2

[Event "Lliga Catalana DH"]
[Site "?"]
[Date "2018.02.17"]
[Round "5.4"]
[White "Garcia Ramos, Daniel"]
[Black "Oussama Lahchaichi, Adel"]
[Result "1-0"]
[WhiteElo "2336"]
[BlackElo "2378"]
[PlyCount "81"]
[EventDate "2018.??.??"]
[WhiteTeam "PIP"]
[BlackTeam "LLE"]

1. e4 c5 2. Nf3 Nc6 3. d4 cxd4 4. Nxd4 Nf6 5. Nc3 e5 6. Ndb5 d6 7. Nd5 Nxd5 8.
exd5 Ne7 9. c4 Nf5 10. Bd3 Be7 11. O-O a6 12. Nc3 Nh4 13. f4 exf4 14. Bxf4 Ng6
15. Bg3 O-O 16. Qc2 Bh4 17. Bxh4 Qxh4 18. Bxg6 hxg6 19. Qe4 Qxe4 20. Nxe4 Rd8
21. Rae1 f6 22. Rf3 b5 23. cxb5 axb5 24. Rb3 Bf5 25. Nc3 Rdb8 26. Rxb5 Rxb5 27.
Nxb5 Rxa2 28. Nxd6 Rxb2 29. Re8+ Kh7 30. h4 Rc2 31. Re7 Kh6 32. Kh2 Rd2 33. Re8
Kh5 34. Kg3 Rd3+ 35. Kf4 Rd4+ 36. Ne4 g5+ 37. hxg5 Bxe4 38. Rxe4 fxg5+ 39. Ke5
Rd2 40. g4+ Kg6 41. Ke6 1-0

[Event "Lliga Catalana DH"]
[Site "?"]
[Date "2018.02.17"]
[Round "5.5"]
[White "Martinez Lopez, Ivan"]
[Black "Perez Garcia, Adria"]
[Result "1-0"]
[WhiteElo "2317"]
[BlackElo "2243"]
[PlyCount "141"]
[EventDate "2018.??.??"]
[WhiteTeam "LLE"]
[BlackTeam "PIP"]

1. Nf3 d5 2. g3 Nf6 3. Bg2 c6 4. O-O Bf5 5. c4 e6 6. b3 a5 7. d3 Be7 8. Bb2 O-O
9. Nbd2 h6 10. Rc1 Nbd7 11. a3 Bh7 12. Rc2 Ne8 13. Qa1 Bf6 14. Ne5 Bxe5 15.
Bxe5 Nxe5 16. Qxe5 Qd6 17. Qb2 Nc7 18. Rfc1 Na6 19. Nf3 Rfd8 20. c5 Qe7 21. b4
axb4 22. axb4 Nc7 23. Ra1 f6 24. Rcc1 e5 25. Nd2 Nb5 26. Rxa8 Rxa8 27. Ra1 Rd8
28. Bf1 Qd7 29. Ra2 Bg6 30. Qa1 Qe8 31. Ra5 Kh7 32. Nb3 Bf5 33. d4 Bc2 34. e3
Qg6 35. Nd2 exd4 36. exd4 Bd3 37. Bg2 Qg4 38. Nf3 Re8 39. h3 Qe6 40. Ra8 Be4
41. Rxe8 Qxe8 42. Qe1 Qd7 43. Qe3 Bxf3 44. Bxf3 Qf5 45. Be2 Qd7 46. Bd3+ Kg8
47. Bxb5 cxb5 48. h4 Kf7 49. Kg2 Qe6 50. Qd3 h5 51. Qxb5 Qe4+ 52. Kg1 Qe1+ 53.
Kg2 Qe4+ 54. Kh2 Qxd4 55. Qxb7+ Kg6 56. Kg1 Qe4 57. c6 d4 58. Qd7 Qb1+ 59. Kg2
Qe4+ 60. Kh2 Qc2 61. Qxd4 Qxc6 62. Qd3+ Kf7 63. b5 Qb6 64. Qd7+ Kg6 65. Qe8+
Kf5 66. Qxh5+ g5 67. Qf3+ Kg6 68. hxg5 Qxb5 69. Qxf6+ Kh7 70. Qh6+ Kg8 71. g6
1-0